[Event "Muensterland Verbandsliga 2526"]
[Site "Germany"]
[Date "2025.10.04"]
[Round "2"]
[Board "4"]
[White "Diersen, Joerg"]
[Black "Emming, Benedikt"]
[Result "1/2-1/2"]
[WhiteElo "1795"]
[BlackElo "1815"]
[WhiteFideId "-1"]
[BlackFideId "-1"]
[PlyCount "54"]
[GameId "2243755803661013"]
[EventDate "2025.??.??"]
[EventType "team-tourn"]
[EventRounds "9"]
[EventCountry "GER"]
[SourceTitle "Verband Muensterland"]
[SourceDate "2025.11.13"]
[SourceVersion "1"]
[SourceVersionDate "2025.11.13"]
[SourceQuality "1"]
[WhiteTeam "Muenster Indische Dame"]
[BlackTeam "Suedlohn II"]
[WhiteTeamCountry "GER"]
[BlackTeamCountry "GER"]

1. e4 c5 2. Nf3 Nf6 3. Nc3 Nc6 4. Bc4 e6 5. d3 d5 6. exd5 Nxd5 7. O-O Nxc3 8. bxc3 Be7 9. Be3 O-O 10. d4 Qa5 11. Qd2 Bf6 12. Rfd1 Rd8 13. a4 cxd4 14. cxd4 Qxd2 15. Rxd2 b6 16. Rad1 Bb7 17. Bg5 Na5 18. Bxf6 Nxc4 19. Bxd8 Bxf3 20. gxf3 Nxd2 21. Rxd2 Rxd8 22. c4 Kf8 23. f4 Ke7 24. Kg2 Kd6 25. Kf3 f5 26. Ke3 Rf8 27. f3 Rc8 1/2-1/2

[Event "Muensterland Verbandsliga 2526"]
[Site "Germany"]
[Date "2025.10.04"]
[Round "2"]
[Board "5"]
[White "Albers, Thomas"]
[Black "Brambrink, Ulf"]
[Result "1/2-1/2"]
[WhiteElo "1818"]
[BlackElo "1790"]
[WhiteFideId "-1"]
[BlackFideId "-1"]
[PlyCount "115"]
[GameId "2243755803661015"]
[EventDate "2025.??.??"]
[EventType "team-tourn"]
[EventRounds "9"]
[EventCountry "GER"]
[SourceTitle "Verband Muensterland"]
[SourceDate "2025.11.13"]
[SourceVersion "1"]
[SourceVersionDate "2025.11.13"]
[SourceQuality "1"]
[WhiteTeam "Suedlohn II"]
[BlackTeam "Muenster Indische Dame"]
[WhiteTeamCountry "GER"]
[BlackTeamCountry "GER"]

1. d4 Nf6 2. Nf3 d6 3. Bf4 c6 4. Nbd2 Qa5 5. c3 Nbd7 6. e4 e5 7. Nc4 Qc7 8. dxe5 dxe5 9. Nfxe5 Nxe5 10. Bxe5 Qd7 11. Bxf6 gxf6 12. Qxd7+ Bxd7 13. O-O-O Bc5 14. f3 Ke7 15. Kb1 b5 16. Na5 Bb6 17. Nb3 c5 18. Be2 a6 19. f4 Rhg8 20. g3 Bc6 21. Bf3 Rad8 22. Kc2 f5 23. Rhe1 fxe4 24. Bxe4 Rxd1 25. Kxd1 Rd8+ 26. Kc2 Bxe4+ 27. Rxe4+ Kf6 28. Nd2 c4 29. Re2 Bg1 30. Nf3 Bb6 31. Rd2 Rxd2+ 32. Kxd2 Kf5 33. Ke2 f6 34. h3 h5 35. Nd2 h4 36. Kf3 hxg3 37. Kxg3 Be3 38. Nb1 Bxf4+ 39. Kf3 Bc1 40. b3 cxb3 41. axb3 a5 42. c4 bxc4 43. bxc4 a4 44. Nc3 a3 45. h4 Bb2 46. Na2 Ke6 47. Ke3 Kd6 48. Ke4 Kc5 49. h5 Kxc4 50. Kf5 Kb3 51. h6 Kxa2 52. h7 Kb1 53. h8=Q a2 54. Qh1+ Kc2 55. Qe4+ Kb3 56. Qd5+ Ka3 57. Qa5+ Kb3 58. Qd5+ 1/2-1/2

[Event "Muensterland Verbandsliga 2526"]
[Site "Germany"]
[Date "2025.10.04"]
[Round "2"]
[Board "7"]
[White "Boecker, Manfred"]
[Black "Glotzbach, Thomas"]
[Result "1/2-1/2"]
[WhiteElo "1775"]
[BlackElo "1757"]
[WhiteFideId "-1"]
[BlackFideId "-1"]
[PlyCount "52"]
[GameId "2243755803661019"]
[EventDate "2025.??.??"]
[EventType "team-tourn"]
[EventRounds "9"]
[EventCountry "GER"]
[SourceTitle "Verband Muensterland"]
[SourceDate "2025.11.13"]
[SourceVersion "1"]
[SourceVersionDate "2025.11.13"]
[SourceQuality "1"]
[WhiteTeam "Suedlohn II"]
[BlackTeam "Muenster Indische Dame"]
[WhiteTeamCountry "GER"]
[BlackTeamCountry "GER"]

1. d4 Nf6 2. Nf3 e6 3. Bg5 Be7 4. Bxf6 Bxf6 5. e4 d6 6. c3 O-O 7. Bd3 g6 8. Nbd2 c5 9. dxc5 dxc5 10. Qe2 Nc6 11. Nc4 b5 12. Ne3 b4 13. Ng4 Bg7 14. e5 h5 15. Nf6+ Bxf6 16. exf6 Qxf6 17. Be4 Bd7 18. cxb4 cxb4 19. Rd1 Qe7 20. O-O Rfd8 21. Qa6 Rac8 22. Rc1 Qe8 23. Rfd1 Ne7 24. h3 Rxc1 25. Rxc1 Rc8 26. Rd1 Bc6 1/2-1/2

[Event "Muensterland Verbandsliga 2526"]
[Site "Germany"]
[Date "2025.10.04"]
[Round "2"]
[Board "8"]
[White "Tenberge, Norbert"]
[Black "Teloeken, Stefan"]
[Result "1/2-1/2"]
[WhiteElo "1702"]
[BlackElo "1774"]
[WhiteFideId "-1"]
[BlackFideId "-1"]
[PlyCount "61"]
[GameId "2243755803661021"]
[EventDate "2025.??.??"]
[EventType "team-tourn"]
[EventRounds "9"]
[EventCountry "GER"]
[SourceTitle "Verband Muensterland"]
[SourceDate "2025.11.13"]
[SourceVersion "1"]
[SourceVersionDate "2025.11.13"]
[SourceQuality "1"]
[WhiteTeam "Muenster Indische Dame"]
[BlackTeam "Suedlohn II"]
[WhiteTeamCountry "GER"]
[BlackTeamCountry "GER"]

1. d4 d5 2. c4 c6 3. cxd5 cxd5 4. Nc3 Nc6 5. Bf4 e6 6. e3 a6 7. a3 Bd6 8. Bxd6 Qxd6 9. Nf3 Nf6 10. Bd3 O-O 11. O-O h6 12. b4 b5 13. Rc1 Nd7 14. e4 Nb6 15. e5 Qd7 16. Bb1 Nc4 17. Qd3 g6 18. Ne2 Ra7 19. Nf4 Ne7 20. Nh5 Qd8 21. Nf6+ Kg7 22. g4 Rh8 23. h4 Ng8 24. Nxg8 Qxg8 25. Rfe1 h5 26. g5 Bd7 27. Rc3 Qf8 28. Re2 Qe7 29. Ne1 Rha8 30. Nc2 a5 31. Kg2 1/2-1/2

[Event "Muensterland Verbandsliga 2526"]
[Site "Germany"]
[Date "2025.11.15"]
[Round "3"]
[Board "1"]
[White "Kluczka, Konrad"]
[Black "Mullink, Jochem"]
[Result "1-0"]
[WhiteElo "1809"]
[BlackElo "2151"]
[WhiteFideId "-1"]
[BlackFideId "-1"]
[PlyCount "33"]
[GameId "2247084122965305"]
[EventDate "2025.??.??"]
[EventType "team-tourn"]
[EventRounds "9"]
[EventCountry "GER"]
[SourceTitle "Verband Muensterland"]
[SourceDate "2025.11.13"]
[SourceVersion "1"]
[SourceVersionDate "2025.11.13"]
[SourceQuality "1"]
[WhiteTeam "Muenster Indische Dame"]
[BlackTeam "Stadtlohn"]
[WhiteTeamCountry "GER"]
[BlackTeamCountry "GER"]

1. e4 c5 2. c3 Nf6 3. e5 Nd5 4. d4 cxd4 5. Nf3 Nc6 6. cxd4 d6 7. Bc4 e6 8. O-O Be7 9. Re1 O-O 10. Nc3 Nxc3 11. bxc3 dxe5 12. Nxe5 Nxe5 13. Rxe5 Bd7 14. Bd3 Rc8 15. Bd2 Bf6 16. Re3 Bc6 17. Bxh7+ 1-0

[Event "Muensterland Verbandsliga 2526"]
[Site "Germany"]
[Date "2025.11.15"]
[Round "3"]
[Board "2"]
[White "Kloster, Josef"]
[Black "Frie, Michael"]
[Result "1-0"]
[WhiteElo "2003"]
[BlackElo "1858"]
[WhiteFideId "-1"]
[BlackFideId "-1"]
[PlyCount "73"]
[GameId "2244573851890617"]
[EventDate "2025.??.??"]
[EventType "team-tourn"]
[EventRounds "9"]
[EventCountry "GER"]
[SourceTitle "Verband Muensterland"]
[SourceDate "2025.11.13"]
[SourceVersion "1"]
[SourceVersionDate "2025.11.13"]
[SourceQuality "1"]
[WhiteTeam "Stadtlohn"]
[BlackTeam "Muenster Indische Dame"]
[WhiteTeamCountry "GER"]
[BlackTeamCountry "GER"]

1. e4 c5 2. Nc3 Nc6 3. Nge2 Nf6 4. d4 cxd4 5. Nxd4 e5 6. Nb3 Bb4 7. Qd3 d5 8. exd5 Nxd5 9. a3 Bxc3+ 10. bxc3 O-O 11. Qg3 Bf5 12. Bg5 Qc7 13. c4 Nf4 14. Bd3 Nxd3+ 15. cxd3 f6 16. Bd2 Rad8 17. Nc1 Rd7 18. O-O Rfd8 19. Be3 Bxd3 20. Nxd3 Rxd3 21. Qg4 Nd4 22. Kh1 Nc2 23. Qe6+ Qf7 24. Qxf7+ Kxf7 25. Rab1 Nxe3 26. Rxb7+ Kg6 27. fxe3 Rxa3 28. Kg1 Rd2 29. h4 Raa2 30. Rf3 Rxg2+ 31. Kf1 Rg4 32. e4 Rxe4 33. Rg3+ Kf5 34. Rbxg7 Rxc4 35. Rf3+ Ke6 36. Rf2 Rxh4 37. Rxa2 1-0

[Event "Muensterland Verbandsliga 2526"]
[Site "Germany"]
[Date "2025.11.15"]
[Round "3"]
[Board "3"]
[White "Langheinrich, Joern"]
[Black "Krosenbrink, Marcel"]
[Result "0-1"]
[WhiteElo "1831"]
[BlackElo "1885"]
[WhiteFideId "-1"]
[BlackFideId "-1"]
[PlyCount "58"]
[GameId "2244579401322531"]
[EventDate "2025.??.??"]
[EventType "team-tourn"]
[EventRounds "9"]
[EventCountry "GER"]
[SourceTitle "Verband Muensterland"]
[SourceDate "2025.11.13"]
[SourceVersion "1"]
[SourceVersionDate "2025.11.13"]
[SourceQuality "1"]
[WhiteTeam "Muenster Indische Dame"]
[BlackTeam "Stadtlohn"]
[WhiteTeamCountry "GER"]
[BlackTeamCountry "GER"]

1. e4 c6 2. Nc3 d5 3. Nf3 dxe4 4. Nxe4 Nf6 5. Nxf6+ gxf6 6. d4 Bg4 7. Be2 e6 8. c3 Bd6 9. Qb3 Qc7 10. h3 Bh5 11. Be3 Nd7 12. c4 f5 13. Rc1 f4 14. Bd2 c5 15. O-O Qb6 16. Qc3 Rg8 17. d5 e5 18. Rfe1 O-O-O 19. Nh2 Bxe2 20. Rxe2 f5 21. f3 Rg5 22. Kh1 Rdg8 23. a3 e4 24. b4 Be5 25. Qc2 Qg6 26. Be1 Bd4 27. Bh4 Rh5 28. Be7 Rxh3 29. fxe4 Rxh2+ 0-1

[Event "Muensterland Verbandsliga 2526"]
[Site "Germany"]
[Date "2025.11.15"]
[Round "3"]
[Board "4"]
[White "Te Sligte, Bert"]
[Black "Diersen, Joerg"]
[Result "1/2-1/2"]
[WhiteElo "1805"]
[BlackElo "1795"]
[WhiteFideId "-1"]
[BlackFideId "-1"]
[PlyCount "57"]
[GameId "2244594380488743"]
[EventDate "2025.??.??"]
[EventType "team-tourn"]
[EventRounds "9"]
[EventCountry "GER"]
[SourceTitle "Verband Muensterland"]
[SourceDate "2025.11.13"]
[SourceVersion "1"]
[SourceVersionDate "2025.11.13"]
[SourceQuality "1"]
[WhiteTeam "Stadtlohn"]
[BlackTeam "Muenster Indische Dame"]
[WhiteTeamCountry "GER"]
[BlackTeamCountry "GER"]

1. e4 c5 2. Nf3 Nc6 3. d4 cxd4 4. Nxd4 g6 5. Nxc6 bxc6 6. c4 Bg7 7. Nc3 d6 8. Be2 Nf6 9. O-O O-O 10. Bf4 e5 11. Bg3 Be6 12. Qd3 Qc7 13. f4 Rad8 14. f5 Bc8 15. Bh4 h6 16. Rab1 g5 17. Bf2 Ba6 18. Qe3 d5 19. exd5 cxd5 20. cxd5 Bxe2 21. Qxe2 Nxd5 22. Nxd5 Rxd5 23. Bg3 Bf6 24. Rbc1 Qd6 25. Rc2 Rd8 26. h3 Qb4 27. Be1 Qd6 28. Bg3 Qb4 29. Be1 1/2-1/2

[Event "Muensterland Verbandsliga 2526"]
[Site "Germany"]
[Date "2025.11.15"]
[Round "3"]
[Board "5"]
[White "Brambrink, Ulf"]
[Black "Bußwolder, Peter"]
[Result "1/2-1/2"]
[WhiteElo "1790"]
[BlackElo "1755"]
[WhiteFideId "-1"]
[BlackFideId "-1"]
[PlyCount "95"]
[GameId "2244597070410122"]
[EventDate "2025.??.??"]
[EventType "team-tourn"]
[EventRounds "9"]
[EventCountry "GER"]
[SourceTitle "Verband Muensterland"]
[SourceDate "2025.11.13"]
[SourceVersion "1"]
[SourceVersionDate "2025.11.13"]
[SourceQuality "1"]
[WhiteTeam "Muenster Indische Dame"]
[BlackTeam "Stadtlohn"]
[WhiteTeamCountry "GER"]
[BlackTeamCountry "GER"]

1. e4 g6 2. d4 Bg7 3. Nc3 d6 4. Bg5 h6 5. Bh4 a6 6. f4 b5 7. Nf3 Bb7 8. a3 Nd7 9. e5 Nb6 10. Bd3 Qd7 11. Qe2 e6 12. O-O Bxf3 13. Qxf3 d5 14. Nd1 Ne7 15. g4 h5 16. g5 O-O 17. Ne3 Nc4 18. Bxc4 dxc4 19. Rfd1 Rfd8 20. Be1 Nd5 21. Nxd5 exd5 22. Rd2 Qf5 23. Re2 a5 24. Qe3 Re8 25. Kg2 Bf8 26. Rc1 b4 27. a4 c5 28. c3 Rac8 29. Rd1 cxd4 30. cxd4 Qd7 31. Ra1 Ra8 32. Qh3 Qxh3+ 33. Kxh3 Rac8 34. Rc1 Rc6 35. Rec2 Rec8 36. Kg3 b3 37. Re2 Bb4 38. Bc3 Kf8 39. Rf2 Kg7 40. h4 Rb6 41. f5 Rc7 42. fxg6 Kxg6 43. Rf3 Bxc3 44. Rfxc3 Rb4 45. Ra1 Rc6 46. Kf4 Re6 47. Kg3 Rc6 48. Kf4 1/2-1/2

[Event "Muensterland Verbandsliga 2526"]
[Site "Germany"]
[Date "2025.11.15"]
[Round "3"]
[Board "6"]
[White "Kloster, Daniel"]
[Black "Knispel Roth, Martin"]
[Result "1/2-1/2"]
[WhiteElo "1694"]
[BlackElo "1796"]
[WhiteFideId "-1"]
[BlackFideId "-1"]
[PlyCount "20"]
[GameId "2244617972191276"]
[EventDate "2025.??.??"]
[EventType "team-tourn"]
[EventRounds "9"]
[EventCountry "GER"]
[SourceTitle "Verband Muensterland"]
[SourceDate "2025.11.13"]
[SourceVersion "1"]
[SourceVersionDate "2025.11.13"]
[SourceQuality "1"]
[WhiteTeam "Stadtlohn"]
[BlackTeam "Muenster Indische Dame"]
[WhiteTeamCountry "GER"]
[BlackTeamCountry "GER"]

1. d4 e6 2. Bf4 Nf6 3. e3 b6 4. c3 Bb7 5. Nf3 Be7 6. Nbd2 Nh5 7. Bg3 d6 8. Bb5+ c6 9. Bd3 Nd7 10. Nc4 Qc7 1/2-1/2

[Event "Muensterland Verbandsliga 2526"]
[Site "Germany"]
[Date "2025.11.15"]
[Round "3"]
[Board "7"]
[White "Glotzbach, Thomas"]
[Black "Becking, Stefan"]
[Result "1-0"]
[WhiteElo "1757"]
[BlackElo "1704"]
[WhiteFideId "-1"]
[BlackFideId "-1"]
[PlyCount "83"]
[GameId "2244619294916786"]
[EventDate "2025.??.??"]
[EventType "team-tourn"]
[EventRounds "9"]
[EventCountry "GER"]
[SourceTitle "Verband Muensterland"]
[SourceDate "2025.11.13"]
[SourceVersion "1"]
[SourceVersionDate "2025.11.13"]
[SourceQuality "1"]
[WhiteTeam "Muenster Indische Dame"]
[BlackTeam "Stadtlohn"]
[WhiteTeamCountry "GER"]
[BlackTeamCountry "GER"]

1. e4 c5 2. c3 Nf6 3. e5 Nd5 4. d4 e6 5. Nf3 Nc6 6. c4 Nb6 7. d5 exd5 8. cxd5 Nb4 9. d6 h6 10. Nc3 g6 11. a3 Na6 12. a4 Rb8 13. a5 Na8 14. Nd5 Bg7 15. Ne7 Nb4 16. Bc4 b5 17. Bd5 Bb7 18. Bxb7 Rxb7 19. O-O a6 20. Be3 c4 21. Qd2 Nd3 22. Bd4 Bf8 23. Nd5 Bg7 24. Nf6+ Bxf6 25. exf6 Kf8 26. Ne5 Nxe5 27. Bxe5 Kg8 28. Qd5 Rb8 29. Ra3 Qe8 30. Re3 Qe6 31. Qd4 Kh7 32. Bg3 Qf5 33. Re7 Rhf8 34. Rfe1 g5 35. h3 Kg6 36. R1e3 Rbd8 37. Rf3 Qc2 38. Rfe3 Qf5 39. Rf3 Qc2 40. h4 Qb1+ 41. Kh2 Qc2 42. Qg4 1-0

[Event "Muensterland Verbandsliga 2526"]
[Site "Germany"]
[Date "2025.11.15"]
[Round "3"]
[Board "8"]
[White "Kloster, Elisabeth"]
[Black "Tenberge, Norbert"]
[Result "1-0"]
[WhiteElo "1694"]
[BlackElo "1702"]
[WhiteFideId "-1"]
[BlackFideId "-1"]
[PlyCount "57"]
[GameId "2244623850067221"]
[EventDate "2025.??.??"]
[EventType "team-tourn"]
[EventRounds "9"]
[EventCountry "GER"]
[SourceTitle "Verband Muensterland"]
[SourceDate "2025.11.13"]
[SourceVersion "1"]
[SourceVersionDate "2025.11.13"]
[SourceQuality "1"]
[WhiteTeam "Stadtlohn"]
[BlackTeam "Muenster Indische Dame"]
[WhiteTeamCountry "GER"]
[BlackTeamCountry "GER"]

1. e4 e5 2. Nf3 Nf6 3. Nxe5 d6 4. Nc4 Nxe4 5. Qe2 Qe7 6. d3 Nf6 7. Qxe7+ Bxe7 8. Be2 Nc6 9. c3 d5 10. Ne3 Be6 11. d4 O-O 12. Nd2 h6 13. Nf3 Ne4 14. O-O Bf6 15. Bd3 Nd6 16. b3 Rfd8 17. Bb2 Ne7 18. Rfe1 a6 19. h3 c6 20. Re2 Rac8 21. Ba3 b5 22. Rae1 Rc7 23. Ng4 Bxg4 24. hxg4 g6 25. g5 hxg5 26. Bc1 g4 27. Ne5 Bxe5 28. Rxe5 f6 29. Rxe7 1-0

[Event "Muensterland Verbandsliga 2526"]
[Site "Germany"]
[Date "2025.11.15"]
[Round "3"]
[Board "1"]
[White "Jansen, Dirk"]
[Black "Wittek, Felix"]
[Result "1/2-1/2"]
[WhiteElo "1990"]
[BlackElo "1834"]
[WhiteFideId "-1"]
[BlackFideId "-1"]
[PlyCount "81"]
[GameId "2247084136900034"]
[EventDate "2025.??.??"]
[EventType "team-tourn"]
[EventRounds "9"]
[EventCountry "GER"]
[SourceTitle "Verband Muensterland"]
[SourceDate "2025.11.13"]
[SourceVersion "1"]
[SourceVersionDate "2025.11.13"]
[SourceQuality "1"]
[WhiteTeam "Muenster SK IV"]
[BlackTeam "Suedlohn II"]
[WhiteTeamCountry "GER"]
[BlackTeamCountry "GER"]

1. c4 e5 2. Nc3 Nf6 3. Nf3 Nc6 4. e3 d5 5. cxd5 Nxd5 6. Bb5 Nxc3 7. bxc3 Bd6 8. d4 e4 9. Nd2 Qg5 10. Bf1 f5 11. g3 Qe7 12. Nc4 Bd7 13. Be2 Rc8 14. Qb3 b6 15. Bh5+ g6 16. Be2 h5 17. h4 Nd8 18. Nxd6+ cxd6 19. Ba3 Be6 20. Qb4 Nb7 21. Ba6 Kf7 22. c4 Qc7 23. Bxb7 Qxb7 24. d5 Bd7 25. Qxd6 Qc7 26. Qe7+ Kg8 27. Qf6 Be8 28. O-O Kh7 29. Rfd1 Ba4 30. d6 Qd7 31. Rd5 Rhe8 32. Re5 Rxe5 33. Qxe5 Rxc4 34. Rc1 Rxc1+ 35. Bxc1 Qg7 36. Qd5 Qc3 37. Qf7+ Kh6 38. Qf8+ Kh7 39. Qf7+ Kh6 40. Qf8+ Kh7 41. Qf7+ 1/2-1/2

[Event "Muensterland Verbandsliga 2526"]
[Site "Germany"]
[Date "2025.11.15"]
[Round "3"]
[Board "2"]
[White "Harbers, Gerard"]
[Black "Leder, Nils"]
[Result "1/2-1/2"]
[WhiteElo "1837"]
[BlackElo "1886"]
[WhiteFideId "-1"]
[BlackFideId "-1"]
[PlyCount "86"]
[GameId "2247084136900036"]
[EventDate "2025.??.??"]
[EventType "team-tourn"]
[EventRounds "9"]
[EventCountry "GER"]
[SourceTitle "Verband Muensterland"]
[SourceDate "2025.11.13"]
[SourceVersion "1"]
[SourceVersionDate "2025.11.13"]
[SourceQuality "1"]
[WhiteTeam "Suedlohn II"]
[BlackTeam "Muenster SK IV"]
[WhiteTeamCountry "GER"]
[BlackTeamCountry "GER"]

1. e4 c6 2. Nf3 d5 3. d3 Bg4 4. h3 Bh5 5. Qe2 e6 6. g4 Bg6 7. Bg2 Nd7 8. Nbd2 h5 9. exd5 cxd5 10. Nd4 Qb6 11. N2b3 O-O-O 12. Be3 Nc5 13. Bd2 Nxb3 14. Nxb3 Kb8 15. Ba5 Bb4+ 16. Bxb4 Qxb4+ 17. Qd2 Qb6 18. O-O-O Nf6 19. Qf4+ Ka8 20. g5 Nd7 21. h4 Rc8 22. Qd4 Nc5 23. Kb1 Rc7 24. Nxc5 Qxc5 25. Qxc5 Rxc5 26. Rd2 Rhc8 27. Re1 a6 28. a3 R8c6 29. f4 Bf5 30. Bf3 g6 31. Ree2 Rb6 32. Kc1 Rc7 33. Rf2 Ka7 34. Bd1 Rbc6 35. Bf3 Rc5 36. Bd1 b5 37. d4 Rc4 38. c3 Kb6 39. Bc2 Bxc2 40. Kxc2 a5 41. Kd3 b4 42. axb4 axb4 43. Rc2 Kb5 1/2-1/2

[Event "Muensterland Verbandsliga 2526"]
[Site "Germany"]
[Date "2025.11.15"]
[Round "3"]
[Board "3"]
[White "Spillmann, Peter"]
[Black "Emming, Benedikt"]
[Result "1/2-1/2"]
[WhiteElo "1870"]
[BlackElo "1815"]
[WhiteFideId "-1"]
[BlackFideId "-1"]
[PlyCount "94"]
[GameId "2247084136900038"]
[EventDate "2025.??.??"]
[EventType "team-tourn"]
[EventRounds "9"]
[EventCountry "GER"]
[SourceTitle "Verband Muensterland"]
[SourceDate "2025.11.13"]
[SourceVersion "1"]
[SourceVersionDate "2025.11.13"]
[SourceQuality "1"]
[WhiteTeam "Muenster SK IV"]
[BlackTeam "Suedlohn II"]
[WhiteTeamCountry "GER"]
[BlackTeamCountry "GER"]

1. f4 d5 2. Nf3 Nf6 3. e3 g6 4. b3 Bg7 5. Bb2 O-O 6. Be2 c5 7. O-O Nc6 8. c3 b6 9. Ne5 Bb7 10. Bf3 Qc7 11. d4 cxd4 12. cxd4 e6 13. Nc3 Ba6 14. Be2 Bxe2 15. Qxe2 a6 16. Rac1 Qb7 17. Nxd5 Nxe5 18. Nxf6+ Bxf6 19. fxe5 Be7 20. Qf3 Qxf3 21. Rxf3 Rac8 22. Rxc8 Rxc8 23. Rf1 Bb4 24. Rc1 Rxc1+ 25. Bxc1 h5 26. Kf2 Kf8 27. Ke2 Ke8 28. Bd2 Be7 29. e4 Kd7 30. Kd3 Kc6 31. Ke2 b5 32. Bh6 Bd8 33. Kf3 Bb6 34. Ke3 Bd8 35. h3 Be7 36. Kf3 Bd8 37. Kg3 Be7 38. h4 Bd8 39. Kh3 Ba5 40. Be3 Be1 41. g3 Ba5 42. Kg2 Be1 43. Kf3 Ba5 44. Ke2 Bd8 45. Bd2 Be7 46. Kd3 Bd8 47. Bb4 Bb6 1/2-1/2

[Event "Muensterland Verbandsliga 2526"]
[Site "Germany"]
[Date "2025.11.15"]
[Round "3"]
[Board "4"]
[White "Albers, Thomas"]
[Black "Vogenauer, Nikolas"]
[Result "0-1"]
[WhiteElo "1818"]
[BlackElo "1868"]
[WhiteFideId "-1"]
[BlackFideId "-1"]
[PlyCount "58"]
[GameId "2247084136900040"]
[EventDate "2025.??.??"]
[EventType "team-tourn"]
[EventRounds "9"]
[EventCountry "GER"]
[SourceTitle "Verband Muensterland"]
[SourceDate "2025.11.13"]
[SourceVersion "1"]
[SourceVersionDate "2025.11.13"]
[SourceQuality "1"]
[WhiteTeam "Suedlohn II"]
[BlackTeam "Muenster SK IV"]
[WhiteTeamCountry "GER"]
[BlackTeamCountry "GER"]

1. d4 Nf6 2. Nf3 g6 3. Bf4 Bg7 4. Nbd2 d5 5. e3 Nbd7 6. Bd3 O-O 7. O-O c6 8. c3 Qb6 9. Qb1 Nh5 10. Re1 Re8 11. Bg5 e5 12. dxe5 Nxe5 13. Nxe5 Rxe5 14. Nf3 Re8 15. h3 Nf6 16. Nd2 Be6 17. Qc2 Rac8 18. e4 dxe4 19. Nxe4 Nxe4 20. Bxe4 Qa5 21. Bh4 Qh5 22. Bg3 Bf6 23. b3 Qa5 24. Re3 Red8 25. Rae1 Rd7 26. R1e2 Rcd8 27. f4 Rd1+ 28. Kh2 Ra1 29. Rf3 Rdd1 0-1

[Event "Muensterland Verbandsliga 2526"]
[Site "Germany"]
[Date "2025.11.15"]
[Round "3"]
[Board "5"]
[White "Schulz, Stefan"]
[Black "Boecker, Manfred"]
[Result "0-1"]
[WhiteElo "1859"]
[BlackElo "1775"]
[WhiteFideId "-1"]
[BlackFideId "-1"]
[PlyCount "81"]
[GameId "2247084136900042"]
[EventDate "2025.??.??"]
[EventType "team-tourn"]
[EventRounds "9"]
[EventCountry "GER"]
[SourceTitle "Verband Muensterland"]
[SourceDate "2025.11.13"]
[SourceVersion "1"]
[SourceVersionDate "2025.11.13"]
[SourceQuality "1"]
[WhiteTeam "Muenster SK IV"]
[BlackTeam "Suedlohn II"]
[WhiteTeamCountry "GER"]
[BlackTeamCountry "GER"]

1. d4 Nf6 2. Nf3 e6 3. g3 b6 4. Bg2 Bb7 5. O-O Be7 6. c4 O-O 7. Nc3 d5 8. Ne5 Nbd7 9. Bg5 Ne4 10. Bxe7 Qxe7 11. cxd5 Nxc3 12. bxc3 exd5 13. Nxd7 Qxd7 14. c4 c6 15. Qc2 Ba6 16. cxd5 cxd5 17. Rfc1 Rac8 18. Qb2 Bc4 19. e3 Rc7 20. Rc3 Rfc8 21. Rac1 g6 22. h4 b5 23. a3 a5 24. f3 Qe7 25. Kf2 b4 26. axb4 axb4 27. R3c2 b3 28. Rd2 Ra8 29. e4 Ra2 30. Qc3 Rxd2+ 31. Qxd2 Ra7 32. Qc3 Ra2+ 33. Kg1 Qa3 34. exd5 b2 35. Qxa3 Rxa3 36. Rxc4 b1=Q+ 37. Kh2 Ra2 38. d6 Qf1 39. Rc8+ Kg7 40. Kh3 Qxg2+ 41. Kg4 0-1

[Event "Muensterland Verbandsliga 2526"]
[Site "Germany"]
[Date "2025.11.15"]
[Round "3"]
[Board "6"]
[White "Schmeing, Manfred"]
[Black "Boerger, Andreas"]
[Result "1/2-1/2"]
[WhiteElo "1686"]
[BlackElo "1763"]
[WhiteFideId "-1"]
[BlackFideId "-1"]
[PlyCount "60"]
[GameId "2247084136900044"]
[EventDate "2025.??.??"]
[EventType "team-tourn"]
[EventRounds "9"]
[EventCountry "GER"]
[SourceTitle "Verband Muensterland"]
[SourceDate "2025.11.13"]
[SourceVersion "1"]
[SourceVersionDate "2025.11.13"]
[SourceQuality "1"]
[WhiteTeam "Suedlohn II"]
[BlackTeam "Muenster SK IV"]
[WhiteTeamCountry "GER"]
[BlackTeamCountry "GER"]

1. e4 e6 2. d4 d5 3. e5 c5 4. c3 Nc6 5. Nf3 f5 6. exf6 Nxf6 7. Bb5 Bd6 8. Nbd2 O-O 9. Nb3 Ne4 10. O-O a6 11. Bxc6 bxc6 12. Nbd2 Nf6 13. b3 cxd4 14. cxd4 Qc7 15. Bb2 Bd7 16. Rc1 Rac8 17. Re1 Qa5 18. a3 Bf4 19. Rc5 Qb6 20. b4 Bd6 21. Ra5 Bc7 22. Qe2 Ra8 23. Ne5 Rfe8 24. Rc1 Bd6 25. Nb3 Re7 26. Nc5 Bxc5 27. Raxc5 Rc8 28. Ra5 Ra8 29. Rac5 Rc8 30. Ra5 Ra8 1/2-1/2

[Event "Muensterland Verbandsliga 2526"]
[Site "Germany"]
[Date "2025.11.15"]
[Round "3"]
[Board "7"]
[White "Baumann, Eva"]
[Black "Musholt, Joachim"]
[Result "1/2-1/2"]
[WhiteElo "1709"]
[BlackElo "1678"]
[WhiteFideId "-1"]
[BlackFideId "-1"]
[PlyCount "69"]
[GameId "2247084136900046"]
[EventDate "2025.??.??"]
[EventType "team-tourn"]
[EventRounds "9"]
[EventCountry "GER"]
[SourceTitle "Verband Muensterland"]
[SourceDate "2025.11.13"]
[SourceVersion "1"]
[SourceVersionDate "2025.11.13"]
[SourceQuality "1"]
[WhiteTeam "Muenster SK IV"]
[BlackTeam "Suedlohn II"]
[WhiteTeamCountry "GER"]
[BlackTeamCountry "GER"]

1. e4 c5 2. Nc3 Nc6 3. Bb5 Nd4 4. Bc4 e6 5. Nf3 Nxf3+ 6. Qxf3 Ne7 7. O-O Nc6 8. Ne2 Ne5 9. Qc3 Nxc4 10. Qxc4 Be7 11. Qc3 O-O 12. e5 d5 13. d4 b6 14. Qg3 Kh8 15. c3 Ba6 16. Re1 Rc8 17. Be3 Bd3 18. Nf4 Bh4 19. Qg4 Bf5 20. Qh5 Bg5 21. Nxe6 fxe6 22. Bxg5 Qd7 23. Rac1 c4 24. Qh4 Rc7 25. Re3 a5 26. Rf3 Rg8 27. Re3 b5 28. Re2 Rb8 29. a3 Kg8 30. Qg3 Rcb7 31. h3 Kf8 32. Qf3 Kg8 33. Rd2 Qe8 34. Qg3 Bg6 35. Qg4 1/2-1/2